000 00549nam a2200145 4500
999 _c15850
_d15850
008 201217b ||||| |||| 00| 0 eng d
022 _a0732-8435
082 _aDPer 657.05 C33 Sept - Mar 2015, v. 85 - 86
100 _aBenson, Lyle K., Jr.
_942692
245 _aThe past, present, and future of the CPA financial planning profession/
_cLyle K. Benson, Jr.
260 _aNew York:
_bThe New York State Society of CPA,
_c©2015.
300 _av85 n9, 10-11 pages:
_billustrations;
_c28 cm.
650 _aFinancial
_xPlanning.
_942693
942 _2ddc
_cPER